LEADER 00777nam a2200205 4500 001 000000332055 003 CaOOAMICUS 005 20190524102824.0 008 190114s2018 it 000 u ita r 040 $aSeMil$bita 245 10$a1: Battesimo /$cGiorgio De Capitani. 264 1$a[S.l.] :$b7S,$c2018. 300 $a133 p. ;$c21 cm 700 1 $aDe Capitani, Giorgio <1938->.$0(OLS)http://semarc/name/5105 773 0 $aDe Capitani, Giorgio <1938->$tOltre i sacramenti.$d[S.l.] : 7S, 2018.$w()332054 850 $aSeMil 852 $aSeMil$W1$xVenegono$y1$m2D VII 39$j210744$B223949$CSeMilBibl$Z2$F223949 $81 996 $6245$a1: Battesimo$9(OLS)http://semarc/title/420753 996 $6264$a[S.l.] :$b7S$9(OLS)http://semarc/publisher/58078 LEADER 00605nam a2200169 i 4500 001 000000191798 003 CaOOAMICUS 005 20100826000000.0 008 100826n it u000 u ita u 013 $a170370 040 $aSeMil$bita 245 10$aVolume primo. 300 $aXV, 526 p., [2] p. di tav. 773 0 $aAmadei, Angelo$tDon Bosco e il suo apostolato.$bNuova edizione.$dTorino : Società Editrice Internazionale, 1940.$w()23716 850 $aSeMil 852 $aSeMil$W1$xVenegono$y1$m3H III 201$j142406$B142406$CSeMilBibl$Z2$F153941 $81 996 $6245$aVolume primo$9(OLS)http://semarc/title/17661 LEADER 01276nam a2200253 i 4500 001 000000066377 003 CaOOAMICUS 005 20230421115636.0 008 130513s1733 it u000 u lat u 026 $aa-n- umr* e?ad Dino (3) 1733 (R) 040 $aSeMil$bita 100 1 $aBenitez de Lugo, Cayetano,$c.$0(OLS)http://semarc/name/33302 245 10$aVera Christi gratia illuminans, vocans, & efficaciter adjuvans infideles, excoecatos, & obduratos ... Auctore R. P. Fr. Cajetano Benitez de Lugo .. 260 $aRomae :$bEx Typographia Rochi Bernabò,$c1733. 300 $a[40], 407, [1] p. ;$cfol. 500 $aSegn.: a-e4 A-3E4 650 4$aTeologia - Testi - Sec. 18.$0(OLS)http://semarc/subject/197 700 1 $aBernabò, Rocco,$c.$0(OLS)http://semarc/name/13030 850 $aSeMil 852 $aSeMil$W1$xVenegono$y1$m2N IV 8 FA$j32530$B32530$CSeMilBibl$Z2$F32533 $8I 961 $aRecupero: Collegio Helvetico 996 $6245$aVera Christi gratia illuminans, vocans, & efficaciter adjuvans infideles, excoecatos, & obduratos ... Auctore R. P. Fr. Cajetano Benitez de Lugo ..$9(OLS)http://semarc/title/105560 996 $6260$aRomae :$bEx Typographia Rochi Bernabò$9(OLS)http://semarc/publisher/42670 LEADER 01282nam a2200253 i 4500 001 000000068984 003 CaOOAMICUS 005 20080910000000.0 008 080910s1969 it u000 u ita u 013 $a40156 040 $aSeMil$bita 245 10$aElementi di medicina e psicologia pastorale /$cErmenegildo Florit ... [et al.] ; a cura [di] Agostino Massone. 260 $aVarese :$bOARI,$c1969. 300 $a399 p. ;$c24 cm. 500 $aLezioni svolte durante la 2. Settimana di studi medico-psicologici, tenutosi dal 15 al 21 settembre 1968 presso l'Istituto «La Querce» di Firenze. 700 1 $aOARI : Settimana di Studi medico-psicologici <2. , 1968 ; Firenze>.$0(OLS)http://semarc/name/34467 700 1 $aMassone, Agostino.$0(OLS)http://semarc/name/4644 700 1 $aFlorit, Ermenegildo .$0(OLS)http://semarc/name/17322 773 0 $tCorso medico-psicologico per sacerdoti e religiosi.$dVarese : OARI, 1968-1970-$g2$w()14398 850 $aSeMil 852 $aSeMil$W1$xVenegono$y1$m2O IV 298$j35137$B35137$CSeMilBibl$Z2$F35140 $81 961 $aOmaggio: Martinelli don Romano 996 $6245$aElementi di medicina e psicologia pastorale$9(OLS)http://semarc/title/12455 996 $6260$aVarese :$bOARI$9(OLS)http://semarc/publisher/31493 LEADER 01057nam a2200253 i 4500 001 000000126240 003 CaOOAMICUS 005 20051206000000.0 008 051206s1994 it u000 u eng u 013 $a98943 040 $aSeMil$bita 100 1 $aVeblen, Thorstein <1857-1929>.$0(OLS)http://semarc/name/22467 245 14$aThe theory of the leisure class /$cThorstein Veblen. 250 $aed. non venale. 260 $a[Milano] :$bCofide,$c1994. 300 $a281 p. ;$c25 cm. 500 $aContiene : Nota (in italiano). - Stampato in 299 esemplari, numerati da 1 a 299 e in 50, numerati da 1. a 50. ; Esemplare n. 34. - Fondo Card. C.M. Martini. 650 4$aVeblen, Thorstein - Opere.$0(OLS)http://semarc/subject/9658 850 $aSeMil 852 $aSeMil$W1$xVenegono$y1$m3M V 165$j80626$B80626$CSeMilBibl$Z2$F106721 $81 941 1 $a4 961 $aOmaggio: Martini Card. Carlo Maria 996 $6245$aThe theory of the leisure class$9(OLS)http://semarc/title/186058 996 $6260$a[Milano] :$bCofide$9(OLS)http://semarc/publisher/39288